Yugoslavia Quiz - Statistics

General Stats
  • This quiz has been taken 92 times
  • The average score is 3 of 5
Answer Stats
Question Answer % Correct
What Was The Capital Of Yugoslavia? Belgrade
100%
Who Was The President? Josip Broz Tito
100%
What Was The Population Of Yugoslavia In 1991? 23,3 Million
55%
What Was The Size Of Yugoslavia? 255,950 km²
27%
What Was The GDP? 120,100 Million
18%
No matching quizzes found
Score Distribution
Percent of People with Each Score
Percentile by Number Answered
Your Score History
You have not taken this quiz